| 000 | 00646nam a2200205Ii 4500 | ||
|---|---|---|---|
| 003 | JO-AjNU | ||
| 008 | 230605s9999||||xx |||||||||||||| ||und|| | ||
| 040 |
_aJO-AjNU _bara _erda _cJO-AjNU |
||
| 041 | _aara | ||
| 050 | 1 | 4 | _aDS37.7.A2836 1985 |
| 100 | 3 |
_aأبو خليل، شوقي, _eauthor _919029 |
|
| 245 | 0 | 0 | _aموضوعية فيليب حتي في كتابه تاريخ العرب المطول |
| 250 | _aط1 | ||
| 264 | 3 | 1 | _aدمشق: دار الفكر، 1985 |
| 300 | _a223ص | ||
| 336 |
_atext _btxt _2rdacontent |
||
| 337 |
_aunmediated _bn _2rdamedia |
||
| 338 |
_avolume _bnc _2rdacarrier |
||
| 650 | 4 |
_aالعرب - تاريخ _919030 |
|
| 999 |
_aA6196 _c9764 _d9764 |
||